000 00798nam a2200253Ia 4500
003 OSt
005 20220924115816.0
006 a|||||r|||| 00| 0
007 ta
008 220923b |||||||| |||| 00| 0 urd d
020 _a9788182235427 (hbk)
020 _c120
024 _a309284
037 _b5722/8, 09/03/2010, Modern Publishing House
_cTextual
040 _aARTS
_cARTS
_burd
041 _2urd
_aurd
082 _aO153,6N31x, 168P9
100 _aNadeem Ahmed Nadeem
_9179668
245 0 _aNaqabil-e-faramosh yaden
260 _aDelhi
_bEducational Publishing House India
_c2009
650 _aPUNJABI LITERATURE
942 _hO153,6N31x, 168P9
_cTEXL
_2CC
999 _c399978
_d399978